| 000 | 01010cab a2200181 4500 | ||
|---|---|---|---|
| 001 | ABS44552 | ||
| 008 | 090401t1991 xxu||||| |||| 00| 0 eng d | ||
| 035 | _a(Sirsi) u47767 | ||
| 041 | _aeng | ||
| 245 | _aCity Offices (Regent Street) Ltd v Europa Acceptance Group plc | ||
| 260 | _c1991 | ||
| 350 | _a0 | ||
| 490 |
_aRent Review & Lease Renewal _v11(3) Spring 1991, 300-3-6(7) |
||
| 520 | _aCA 13 April 1989. In appealing, the tenants were challenging a break clause in the notice served on them by their landlords. Specifically, they disputed the applicability of the words "reconstruction of the demised premises" to their offices, where there was to be no alteration of the load-bearing structural walls. However, with precedents existing under the Landlord and Tenant Act 1954 s30(1) , the judge considered the proposed work sufficient to be considered " reconstruction ", and dismissed the appeal. | ||
| 690 | _aLANDLORD AND TENANT-CASE LAW-BUSINESS TENANCIES | ||
| 942 | _n0 | ||
| 948 | _c04/03/1997 | ||
| 999 |
_c30089 _d30089 |
||